| 000 | 00589nam a22002057a 4500 | ||
|---|---|---|---|
| 003 | OSt | ||
| 005 | 20160428141555.0 | ||
| 008 | 160428b xxu||||| |||| 00| 0 eng d | ||
| 020 | _a9780415511346 | ||
| 040 | _cDDC | ||
| 082 | _a658.4 BRO 2004 | ||
| 100 |
_aBrown, Roger _98391 |
||
| 245 | _aQuality Assurance in Higher Education: the UK experience since 1992 | ||
| 260 | _aLondon; Routledge, 2004 | ||
| 300 | _axvi,201p; ill: 24cm | ||
| 504 | _aAppendix, references, & index included | ||
| 650 |
_aQuality management _98392 |
||
| 650 |
_aHigher education _96386 |
||
| 942 |
_2z _cO_SHELF |
||
| 999 |
_c3824 _d3824 |
||